| 000 | 02168nam2a22002531 4500 | ||
|---|---|---|---|
| 001 | rc\3538150 | ||
| 005 | 20250610015345.0 | ||
| 021 |
_aRU _bРг9714-74 |
||
| 021 |
_aRU _b74-67455 |
||
| 035 | _a(NLR Aleph) 007632316 | ||
| 090 |
_a6036453 _c6036453 |
||
| 100 | _a20130115d1974 |||y0rusy50 ca | ||
| 101 | 0 | _arus | |
| 102 | _aRU | ||
| 105 | _ay z ||||| | ||
| 200 | 1 | _aСекция развития и размещения химической промышленности СССР | |
| 210 |
_d1974 _aБ. м. |
||
| 215 | _a152 с. | ||
| 461 | 0 |
_1001rc\3538149 _12001#$aТезисы докладов и сообщений$e[1] -$fНауч. совет по комплексной проблеме "Оптим. планирование и упр. нар. хоз-вом" АН СССР. Науч.-исслед. ин-т техн.-экон. исследований (НИИТЭХим). Центр. экон.-мат. ин-т (ЦЭМИ) АН СССР. III Всесоюз. совещание по экон. проблемам развития хим. пром-сти и химизации нар. хоз-ва. Окт. 1974 г.$v[1] _96036446 _aВсесоюзное совещание по экономическим проблемам развития химической промышленности и химизации народного хозяйства (3 ; 1974 ; Москва) _cМосква _d1974- _fНауч. совет по комплексной проблеме "Оптим. планирование и упр. нар. хоз-вом" АН СССР. Науч.-исслед. ин-т техн.-экон. исследований (НИИТЭХим). Центр. экон.-мат. ин-т (ЦЭМИ) АН СССР. III Всесоюз. совещание по экон. проблемам развития хим. пром-сти и химизации нар. хоз-ва. Окт. 1974 г. _nНауч.-исслед. ин-т техн.-экон. исследований НИИТЭХим _o[1] - _tТезисы докладов и сообщений _v[1] |
|
| 801 | 0 |
_aRU _bNLR _gpsbo |
|
| 801 | 1 |
_aRU _bELAR _2rusmarc |
|
| 852 |
_aNLR _j74-5/1783 |
||
| 942 | _cBOOK | ||
| 980 | _aNB | ||